[Event "Le Touquet op-B 20th"]
[Site "Le Touquet"]
[Date "2005.10.23"]
[Round "1"]
[White "Salembier, Thibault"]
[Black "Screve, Guillaume"]
[Result "0-1"]
[WhiteElo "1099"]
[BlackElo "1430"]
[PlyCount "46"]
[EventDate "2005.10.22"]
[EventType "swiss"]
[EventRounds "9"]
[EventCountry "FRA"]
[SourceTitle "EXT 2006"]
[Source "ChessBase"]
[SourceDate "2005.11.24"]
[SourceVersion "1"]
[SourceVersionDate "2005.11.24"]
[SourceQuality "1"]

1. d3 e5 2. e3 d5 3. Nf3 Nc6 4. Nc3 Bb4 5. Bd2 Nf6 6. Be2 0-0 7. 0-0 b6 8. a3 Be7 9. Re1 Bb7 10. g3 Qd7 11. h3 Rad8 12. Nb5 a6 13. Nc3 d4 14. exd4 exd4 15. Nxd4 Nxd4 16. Bf1 Nf3+ 17. Kg2 Nxe1+ 18. Kg1 Nf3+ 19. Kg2 Nxd2+ 20. Kh2 Nxf1+ 21. Qxf1 Bd6 22. Re1 Qc6 23. Ne2 Rfe8 0-1